[Event "FRA T I 120102011"]
[Site "FRA"]
[Date "2010.11.13"]
[Round "2.8"]
[White "Lefevre, Margaux"]
[Black "Husson, Cybele"]
[Result "1-0"]
[WhiteElo "1975"]
[BlackElo "1975"]
[PlyCount "59"]
[EventDate "2010.10.17"]
[EventType "team-match"]
[EventRounds "9"]
[EventCountry "FRA"]
[Source "FFE"]
[SourceDate "2010.10.29"]
[BlackTeamCountry "FRA"]

1. e4 Nf6 2. e5 Nd5 3. d4 d6 4. Nf3 dxe5 5. Nxe5 c6 6. c4 Nb4 7. Be3 Bf5 8. Bd3
Nxd3+ 9. Nxd3 e6 10. Nc3 Be7 11. Ne5 Nd7 12. Nf3 O-O 13. O-O Nb6 14. b3 Bf6 15.
Rc1 Qe7 16. Qe2 Rfd8 17. Rfd1 Nd7 18. Bf4 b6 19. h3 g5 20. Bc7 Rdc8 21. Bh2 g4
22. hxg4 Bxg4 23. Ne4 Qf8 24. Qe3 Qg7 25. Kh1 Kh8 26. Rg1 a5 27. Nxf6 Nxf6 28.
Be5 Qg6 29. Qf4 Bf5 30. g4 1-0

[Event "FRA T I 120102011"]
[Site "FRA"]
[Date "2010.11.13"]
[Round "2.5"]
[White "Marchadour, Emilie"]
[Black "Schabanel, Stephane"]
[Result "1-0"]
[WhiteElo "2055"]
[BlackElo "2228"]
[PlyCount "59"]
[EventDate "2010.10.17"]
[EventType "team-match"]
[EventRounds "9"]
[EventCountry "FRA"]
[Source "FFE"]
[SourceDate "2010.10.29"]
[BlackTeamCountry "FRA"]

1. e4 c5 2. Nf3 e6 3. d4 cxd4 4. Nxd4 a6 5. Bd3 Bc5 6. Nb3 Be7 7. O-O d6 8. c4
Nd7 9. Nc3 Ngf6 10. Be3 b6 11. Be2 Bb7 12. f3 Qc7 13. Rc1 Rc8 14. Qe1 O-O 15.
Qf2 Rfe8 16. Rfd1 Bd8 17. Qg3 Qb8 18. Bh6 g6 19. Kh1 Bc7 20. Qh4 d5 21. exd5
exd5 22. cxd5 b5 23. Bg5 Nh5 24. Ne4 Be5 25. Nbc5 Nxc5 26. Rxc5 f5 27. Rxc8
Qxc8 28. f4 Nxf4 29. Bxf4 fxe4 30. d6 {suite illisible} 1-0

[Event "FRA T I 120102011"]
[Site "FRA"]
[Date "2010.12.11"]
[Round "4.3"]
[White "Marie, Maxime"]
[Black "Hautot, Stephane"]
[Result "1-0"]
[WhiteElo "2233"]
[BlackElo "2429"]
[PlyCount "59"]
[EventDate "2010.10.17"]
[EventType "team-match"]
[EventRounds "9"]
[EventCountry "FRA"]
[Source "FFE"]
[SourceDate "2010.10.29"]
[BlackTeamCountry "FRA"]

1. e4 d6 2. d4 Nf6 3. Nc3 Nbd7 4. g4 h6 5. h3 e5 6. Nge2 Be7 7. Bg2 c6 8. Be3
h5 9. g5 Nh7 10. h4 g6 11. f4 exf4 12. Nxf4 Ndf8 13. Rf1 Ne6 14. Nxh5 Nhxg5 15.
Ng3 Rxh4 16. Qd2 Nh3 17. d5 Nef4 18. Rxf4 Nxf4 19. Bxf4 Bg4 20. Nge2 c5 21. e5
dxe5 22. Bxe5 Bg5 23. Qd3 Qe7 24. Bg3 Bf5 25. Qb5+ Kf8 26. d6 Qe3 27. Bf2 Qd2+
28. Kf1 Rb4 29. Qxc5 Rxb2 30. Qd5 {suite illisible} 1-0

[Event "FRA T I 120102011"]
[Site "FRA"]
[Date "2010.11.14"]
[Round "3.4"]
[White "Stawiarski, Edmond"]
[Black "Pucher, Sebastien"]
[Result "1-0"]
[WhiteElo "2146"]
[BlackElo "2236"]
[PlyCount "59"]
[EventDate "2010.10.17"]
[EventType "team-match"]
[EventRounds "9"]
[EventCountry "FRA"]
[Source "FFE"]
[SourceDate "2010.10.29"]
[BlackTeamCountry "FRA"]

1. d4 Nf6 2. Nf3 g6 3. Bf4 Bg7 4. e3 O-O 5. c4 c5 6. Nc3 d6 7. Be2 Nh5 8. Bg5
h6 9. Bh4 g5 10. Bg3 cxd4 11. Nxd4 Nxg3 12. hxg3 Nc6 13. Qd2 Bd7 14. Rd1 Qa5
15. Nb3 Qb4 16. Qc2 Na5 17. Nxa5 Qxa5 18. Rd5 Qd8 19. Rxg5 Kh8 20. Rgh5 Kg8 21.
g4 f6 22. Rxh6 Bxh6 23. Rxh6 f5 24. g5 e6 25. f4 Qb6 26. Kf2 Kg7 27. Bh5 Be8
28. Qe2 Bxh5 29. Qxh5 Qxb2+ 30. Kf3 1-0

[Event "FRA T I 120102011"]
[Site "FRA"]
[Date "2010.11.14"]
[Round "3.1"]
[White "Buhmann, Rainer"]
[Black "Simon, Olivier"]
[Result "1-0"]
[WhiteElo "2577"]
[BlackElo "2343"]
[PlyCount "57"]
[EventDate "2010.10.17"]
[EventType "team-match"]
[EventRounds "9"]
[EventCountry "FRA"]
[Source "FFE"]
[SourceDate "2010.10.29"]
[BlackTeamCountry "FRA"]

1. Nf3 Nf6 2. c4 g6 3. Nc3 Bg7 4. e4 d6 5. d4 O-O 6. Be2 e5 7. O-O Na6 8. Re1
Qe8 9. Bf1 Bg4 10. d5 Nb4 11. Be2 a5 12. c5 dxc5 13. Be3 Qe7 14. a3 Na6 15. Qa4
b6 16. Rad1 Ne8 17. Nxe5 Bxe5 18. Bxg4 Nf6 19. Bf3 Rfe8 20. g3 Bxc3 21. bxc3
Nxe4 22. Bh6 Nxc3 23. Rxe7 Nxa4 24. d6 cxd6 25. Bxa8 Rxe7 26. Rxd6 Nc7 27. Bc6
f5 28. Bxa4 b5 29. Bd1 1-0

[Event "FRA T I 120102011"]
[Site "FRA"]
[Date "2010.11.14"]
[Round "3.3"]
[White "Chabanon, Jean Luc"]
[Black "Dal Borgo, Albin"]
[Result "1-0"]
[WhiteElo "2459"]
[BlackElo "2198"]
[PlyCount "57"]
[EventDate "2010.10.17"]
[EventType "team-match"]
[EventRounds "9"]
[EventCountry "FRA"]
[Source "FFE"]
[SourceDate "2010.10.29"]
[BlackTeamCountry "FRA"]

1. d4 d5 2. c4 e6 3. Nc3 Nf6 4. Nf3 Be7 5. Bf4 O-O 6. e3 c5 7. dxc5 Bxc5 8. a3
Nc6 9. Qc2 Qa5 10. Rd1 Be7 11. Be2 dxc4 12. Bxc4 e5 13. Bg3 Bg4 14. O-O Bh5 15.
Nd5 Bxf3 16. Nxf6+ Bxf6 17. gxf3 Rad8 18. Qf5 Ne7 19. Qe4 b6 20. b4 Qxa3 21.
Ra1 Qc3 22. Rxa7 Rc8 23. Ba6 Rc7 24. Ra8 g6 25. Rxf8+ Kxf8 26. f4 Ra7 27. fxe5
Rxa6 28. exf6 Qxf6 29. Qb7 1-0

[Event "FRA T I 120102011"]
[Site "FRA"]
[Date "2010.10.17"]
[Round "1.7"]
[White "Marie, Fred"]
[Black "Jeanne, Mickael"]
[Result "0-1"]
[WhiteElo "1779"]
[BlackElo "2149"]
[PlyCount "54"]
[EventDate "2010.10.17"]
[EventType "team-match"]
[EventRounds "9"]
[EventCountry "FRA"]
[Source "FFE"]
[SourceDate "2010.10.29"]
[BlackTeamCountry "FRA"]

1. e4 e6 2. g3 c5 3. Bg2 Nc6 4. Nf3 Nge7 5. O-O d5 6. exd5 Nxd5 7. c4 Ndb4 8.
Ne5 Be7 9. a3 Nd3 10. Nxd3 Qxd3 11. Qg4 O-O 12. Be4 Qd6 13. Bxc6 Qxc6 14. Nc3
Rd8 15. h4 Rd4 16. Qe2 b6 17. Nb5 Bb7 18. f3 Rd7 19. b3 a6 20. Nc3 Qc7 21. d3
Qxg3+ 22. Qg2 Qxg2+ 23. Kxg2 Rxd3 24. Bb2 Rd2+ 25. Rf2 Rad8 26. Bc1 Rxf2+ 27.
Kxf2 Bf6 0-1

[Event "FRA T I 120102011"]
[Site "FRA"]
[Date "2010.11.14"]
[Round "3.7"]
[White "Bernard, Jacques"]
[Black "Rodon, Gurvan"]
[Result "1-0"]
[WhiteElo "2209"]
[BlackElo "2008"]
[PlyCount "51"]
[EventDate "2010.10.17"]
[EventType "team-match"]
[EventRounds "9"]
[EventCountry "FRA"]
[Source "FFE"]
[SourceDate "2010.10.29"]
[BlackTeamCountry "FRA"]

1. e4 c5 2. Nf3 d6 3. d4 cxd4 4. Nxd4 Nf6 5. Nc3 a6 6. Bg5 e6 7. Qd3 Nbd7 8.
O-O-O Qc7 9. f4 b5 10. a3 Bb7 11. Qh3 O-O-O 12. Bd3 Kb8 13. Rhe1 Rc8 14. Kb1 d5
15. e5 Ne4 16. Nxe4 dxe4 17. Bxe4 Bxe4 18. Rxe4 Nc5 19. Re2 Na4 20. f5 exf5 21.
e6 fxe6 22. Nxe6 Qc4 23. Bf4+ Ka8 24. Qf3+ Qc6 25. Qxc6+ Rxc6 26. Rd8+ 1-0

[Event "FRA T I 120102011"]
[Site "FRA"]
[Date "2010.11.13"]
[Round "2.2"]
[White "Jens, Jelmer"]
[Black "Marechal, Andy"]
[Result "0-1"]
[WhiteElo "2380"]
[BlackElo "2295"]
[PlyCount "52"]
[EventDate "2010.10.17"]
[EventType "team-match"]
[EventRounds "9"]
[EventCountry "FRA"]
[Source "FFE"]
[SourceDate "2010.10.29"]
[BlackTeamCountry "FRA"]

1. e4 e6 2. d4 d5 3. Nd2 Nf6 4. e5 Nfd7 5. c3 c5 6. Bd3 Nc6 7. Ne2 cxd4 8. cxd4
f6 9. Nf4 Nxd4 10. Qh5+ Ke7 11. Ng6+ hxg6 12. exf6+ Nxf6 13. Qxh8 Kf7 14. O-O
e5 15. Nb3 Nf5 16. Bg5 Qb6 17. Rad1 Be6 18. Bxf5 gxf5 19. Rfe1 Ne4 20. Bh4 Rc8
21. Nc1 Kg6 22. Bg3 Be7 23. Qxc8 Bxc8 24. Rxd5 Nxg3 25. hxg3 e4 26. Ne2 Qxb2
0-1

[Event "FRA T I 120102011"]
[Site "FRA"]
[Date "2010.11.14"]
[Round "3.7"]
[White "Maisuradze, Nino"]
[Black "Regniez, Alexiane"]
[Result "1-0"]
[WhiteElo "2268"]
[BlackElo "1652"]
[PlyCount "51"]
[EventDate "2010.10.17"]
[EventType "team-match"]
[EventRounds "9"]
[EventCountry "FRA"]
[Source "FFE"]
[SourceDate "2010.10.29"]
[BlackTeamCountry "FRA"]

1. b3 c5 2. Bb2 Nc6 3. f4 Nf6 4. Nf3 g6 5. e4 Bg7 6. g3 d6 7. Bg2 O-O 8. d3 Rb8
9. Qe2 e6 10. O-O b6 11. c4 Bb7 12. Rd1 Qc7 13. d4 cxd4 14. Nxd4 Rbd8 15. Nb5
Qb8 16. Nd2 Rd7 17. Nf1 Rfd8 18. Rd2 Ne8 19. Bxg7 Kxg7 20. Rad1 Ne7 21. Rd3 d5
22. Qb2+ Kg8 23. Ne3 a6 24. Na3 Nc7 25. Ng4 h5 26. Nf6+ 1-0

[Event "FRA T I 120102011"]
[Site "FRA"]
[Date "2010.11.13"]
[Round "2.8"]
[White "Silvert, Alexandre"]
[Black "L'Huillier, Helene"]
[Result "1/2-1/2"]
[WhiteElo "1974"]
[BlackElo "1931"]
[PlyCount "51"]
[EventDate "2010.10.17"]
[EventType "team-match"]
[EventRounds "9"]
[EventCountry "FRA"]
[Source "FFE"]
[SourceDate "2010.10.29"]
[BlackTeamCountry "FRA"]

1. d4 d5 2. Nf3 Nf6 3. g3 e6 4. Bg2 Be7 5. O-O O-O 6. c4 c6 7. Ne5 Nbd7 8. f4
Ne4 9. Nc3 f5 10. cxd5 cxd5 11. Qb3 Ndf6 12. Bf3 a5 13. Kg2 Ra6 14. Na4 Nd7 15.
Bxe4 dxe4 16. Be3 Nxe5 17. dxe5 Rc6 18. Rac1 Qd5 19. Nb6 Qxb3 20. axb3 Rd8 21.
Rfd1 Rxd1 22. Rxd1 Kf7 23. Nxc8 Rxc8 24. Rd7 Rc2 25. Kf2 Ke8 26. Rxb7 1/2-1/2

[Event "FRA T I 120102011"]
[Site "FRA"]
[Date "2010.11.13"]
[Round "2.3"]
[White "Carlier, Bruno"]
[Black "Karr, Jean Philippe"]
[Result "1/2-1/2"]
[WhiteElo "2402"]
[BlackElo "2389"]
[PlyCount "49"]
[EventDate "2010.10.17"]
[EventType "team-match"]
[EventRounds "9"]
[EventCountry "FRA"]
[Source "FFE"]
[SourceDate "2010.10.29"]
[BlackTeamCountry "FRA"]

1. Nf3 c5 2. g3 Nc6 3. Bg2 g6 4. c3 Bg7 5. d4 cxd4 6. cxd4 d5 7. Nc3 e6 8. O-O
Nge7 9. b3 O-O 10. Ba3 Qa5 11. Na4 Re8 12. Rc1 Bd7 13. Bb2 b6 14. Re1 Qb4 15.
e4 dxe4 16. Ne5 Nxe5 17. dxe5 Nd5 18. Rxe4 Qe7 19. Qe1 Rac8 20. Nc3 Nxc3 21.
Rxc3 Rxc3 22. Qxc3 Rc8 23. Rc4 Qd8 24. Be4 Rxc4 25. Qxc4 1/2-1/2

[Event "FRA T I 120102011"]
[Site "FRA"]
[Date "2010.11.13"]
[Round "2.5"]
[White "Platel, Alexandre"]
[Black "Laurent, Julien G"]
[Result "1/2-1/2"]
[WhiteElo "2236"]
[BlackElo "2282"]
[PlyCount "49"]
[EventDate "2010.10.17"]
[EventType "team-match"]
[EventRounds "9"]
[EventCountry "FRA"]
[Source "FFE"]
[SourceDate "2010.10.29"]
[BlackTeamCountry "FRA"]

1. e4 g6 2. d4 Bg7 3. Nf3 d6 4. Nc3 a6 5. Bg5 b5 6. Qd2 Nd7 7. a4 b4 8. Nd5 a5
9. c3 c6 10. Ne3 bxc3 11. bxc3 Ngf6 12. Bd3 Qc7 13. O-O O-O 14. Rfe1 h6 15. Bh4
e5 16. Nc4 Re8 17. Rab1 Ba6 18. Bxf6 Nxf6 19. Nb6 Rab8 20. Bxa6 Rxb6 21. Bd3
Rxb1 22. Bxb1 Nd7 23. Rd1 Nb6 24. dxe5 dxe5 25. Bc2 1/2-1/2

[Event "FRA T I 120102011"]
[Site "FRA"]
[Date "2010.11.14"]
[Round "3.2"]
[White "Przymusinski, Nicolas"]
[Black "Pinter, Jozsef"]
[Result "0-1"]
[WhiteElo "2176"]
[BlackElo "2517"]
[PlyCount "49"]
[EventDate "2010.10.17"]
[EventType "team-match"]
[EventRounds "9"]
[EventCountry "FRA"]
[Source "FFE"]
[SourceDate "2010.10.29"]
[BlackTeamCountry "FRA"]

1. c4 Nf6 2. g3 c6 3. Bg2 d5 4. Nf3 dxc4 5. Qc2 Qd5 6. Na3 Be6 7. O-O Nbd7 8.
b3 cxb3 9. axb3 Nb6 10. Rb1 g6 11. d3 Bg7 12. Nc4 Qd8 13. Na5 Bc8 14. b4 a6 15.
Nd2 O-O 16. Ndb3 Ne8 17. d4 Nd6 18. e4 Nb5 19. Rd1 Na4 20. Rd3 f5 21. e5 Nb6
22. Bb2 Nd5 23. Qc4 e6 24. Nc5 Qe7 25. Bc1 {suite illisible} 0-1

[Event "FRA T I 120102011"]
[Site "FRA"]
[Date "2010.11.13"]
[Round "2.2"]
[White "Spirin, Oleg"]
[Black "Przymusinski, Nicolas"]
[Result "1-0"]
[WhiteElo "2464"]
[BlackElo "2176"]
[PlyCount "47"]
[EventDate "2010.10.17"]
[EventType "team-match"]
[EventRounds "9"]
[EventCountry "FRA"]
[Source "FFE"]
[SourceDate "2010.10.29"]
[BlackTeamCountry "FRA"]

1. d4 Nf6 2. Nf3 c5 3. d5 g6 4. Nc3 Bg7 5. e4 d6 6. Bb5+ Bd7 7. a4 O-O 8. O-O
Bg4 9. Re1 Nbd7 10. h3 Bxf3 11. Qxf3 e6 12. Bg5 Qb8 13. dxe6 fxe6 14. Qe2 a6
15. Bc4 Re8 16. Ba2 Ne5 17. Rad1 Nc6 18. Qd3 Nd4 19. e5 Nd7 20. exd6 Ne5 21.
Qg3 Rf8 22. Rxe5 Bxe5 23. Qxe5 Rf5 24. Bxe6+ 1-0

[Event "FRA T I 120102011"]
[Site "FRA"]
[Date "2010.11.07"]
[Round "1.5"]
[White "Brochet, Philippe"]
[Black "Nemirovski, Serge"]
[Result "1-0"]
[WhiteElo "2374"]
[BlackElo "2225"]
[PlyCount "45"]
[EventDate "2010.10.17"]
[EventType "team-match"]
[EventRounds "9"]
[EventCountry "FRA"]
[Source "FFE"]
[SourceDate "2010.10.29"]
[BlackTeamCountry "FRA"]

1. e4 e6 2. d4 d5 3. Nd2 a6 4. Ngf3 c5 5. exd5 exd5 6. dxc5 Bxc5 7. Nb3 Bd6 8.
Bd3 Bg4 9. O-O Qf6 10. Qe1+ Ne7 11. Bg5 Qe6 12. Nfd4 Qxe1 13. Rfxe1 f6 14. Bh4
Kf7 15. c4 Nd7 16. cxd5 Nxd5 17. f3 Bh5 18. Re6 Be5 19. Bc4 Nc5 20. Rxe5 fxe5
21. Bxd5+ Kf8 22. Nxc5 exd4 23. Ne6+ 1-0

[Event "FRA T I 120102011"]
[Site "FRA"]
[Date "2010.11.13"]
[Round "2.7"]
[White "Durczak, Melanie"]
[Black "Hartmann, Dominique"]
[Result "0-1"]
[WhiteElo "1719"]
[BlackElo "2014"]
[PlyCount "46"]
[EventDate "2010.10.17"]
[EventType "team-match"]
[EventRounds "9"]
[EventCountry "FRA"]
[Source "FFE"]
[SourceDate "2010.10.29"]
[BlackTeamCountry "FRA"]

1. d4 Nf6 2. Nf3 c5 3. e3 g6 4. Bd3 Bg7 5. O-O O-O 6. Nbd2 d6 7. b3 a6 8. Bb2
b5 9. c4 bxc4 10. Nxc4 cxd4 11. exd4 Bb7 12. Re1 Nbd7 13. Rb1 Nd5 14. a3 N7f6
15. b4 Qd7 16. Na5 Rfc8 17. Nxb7 Qxb7 18. Rc1 a5 19. Qb3 axb4 20. axb4 Qxb4 21.
Qxb4 Nxb4 22. Bf1 e6 23. Bc3 Na2 0-1

[Event "FRA T I 120102011"]
[Site "FRA"]
[Date "2010.11.13"]
[Round "2.7"]
[White "Jeanne, Mickael"]
[Black "Roumegous, Marina"]
[Result "1/2-1/2"]
[WhiteElo "2168"]
[BlackElo "2174"]
[PlyCount "46"]
[EventDate "2010.10.17"]
[EventType "team-match"]
[EventRounds "9"]
[EventCountry "FRA"]
[Source "FFE"]
[SourceDate "2010.10.29"]
[BlackTeamCountry "FRA"]

1. Nf3 Nf6 2. c4 b6 3. g3 Bb7 4. Bg2 e6 5. O-O Be7 6. Nc3 O-O 7. Re1 d5 8. cxd5
exd5 9. d4 Nbd7 10. Bf4 a6 11. Rc1 Ra7 12. Ne5 Ba8 13. Qa4 Nb8 14. b4 Qe8 15.
Qb3 Qd8 16. a4 Ne4 17. Red1 Nxc3 18. Rxc3 Kh8 19. Rdc1 f6 20. Nf7+ Rxf7 21.
Bxc7 Rxc7 22. Rxc7 Rf8 23. Bh3 Qd6 {suite illisible} 1/2-1/2

[Event "FRA T I 120102011"]
[Site "FRA"]
[Date "2010.11.13"]
[Round "2.6"]
[White "Bernard, Jacques"]
[Black "Vaugeois, Cyrille"]
[Result "1-0"]
[WhiteElo "2209"]
[BlackElo "2134"]
[PlyCount "43"]
[EventDate "2010.10.17"]
[EventType "team-match"]
[EventRounds "9"]
[EventCountry "FRA"]
[Source "FFE"]
[SourceDate "2010.10.29"]
[BlackTeamCountry "FRA"]

1. e4 c5 2. Nf3 e6 3. d4 cxd4 4. Nxd4 Nf6 5. Nc3 Qb6 6. e5 Bc5 7. Ndb5 Bxf2+ 8.
Ke2 Nd5 9. Nd6+ Ke7 10. Nxd5+ exd5 11. Qxd5 Rf8 12. Ne4 Nc6 13. Qd6+ Ke8 14.
Nxf2 f6 15. Ne4 fxe5 16. Kd1 Qd4+ 17. Qxd4 Nxd4 18. c3 Ne6 19. Bc4 Nf4 20. Bxf4
Rxf4 21. Bd5 Ke7 22. Kd2 1-0

[Event "FRA T I 120102011"]
[Site "FRA"]
[Date "2010.11.13"]
[Round "2.2"]
[White "Legky, Nikolay A"]
[Black "Winants, Luc"]
[Result "1/2-1/2"]
[WhiteElo "2420"]
[BlackElo "2525"]
[PlyCount "44"]
[EventDate "2010.10.17"]
[EventType "team-match"]
[EventRounds "9"]
[EventCountry "FRA"]
[Source "FFE"]
[SourceDate "2010.10.29"]
[BlackTeamCountry "FRA"]

1. Nf3 Nf6 2. c4 c5 3. e3 e6 4. b3 d5 5. cxd5 exd5 6. Bb5+ Nbd7 7. O-O Be7 8.
d4 O-O 9. Bb2 cxd4 10. Bxd4 Nc5 11. Qc2 Nce4 12. Qb2 Qa5 13. Be2 Bg4 14. a3
Rfc8 15. h3 Bf5 16. b4 Qc7 17. Nbd2 Nc3 18. Bxc3 Qxc3 19. Qxc3 Rxc3 20. Nd4 Bd7
21. N2b3 Rac8 22. Rfc1 Rxc1+ 1/2-1/2

[Event "FRA T I 120102011"]
[Site "FRA"]
[Date "2010.11.13"]
[Round "2.8"]
[White "Monpeurt, Cyrielle"]
[Black "Regniez, Alexiane"]
[Result "1-0"]
[WhiteElo "1946"]
[BlackElo "1652"]
[PlyCount "43"]
[EventDate "2010.10.17"]
[EventType "team-match"]
[EventRounds "9"]
[EventCountry "FRA"]
[Source "FFE"]
[SourceDate "2010.10.29"]
[BlackTeamCountry "FRA"]

1. e4 c5 2. Nf3 Nc6 3. d4 cxd4 4. Nxd4 d6 5. Nc3 g6 6. Be3 Bg7 7. Qd2 Nf6 8. f3
O-O 9. O-O-O Bd7 10. h4 Nh5 11. g4 Ng3 12. Rh3 Nxf1 13. Rxf1 h5 14. Rg3 Qa5 15.
gxh5 Qxh5 16. Rh1 Nxd4 17. Bxd4 Bxd4 18. Qxd4 Qh6+ 19. Kb1 Rfc8 20. h5 Rc5 21.
Nd5 Kf8 22. Qg1 1-0

[Event "FRA T I 120102011"]
[Site "FRA"]
[Date "2010.11.13"]
[Round "2.4"]
[White "Fayard, Alain"]
[Black "Coursaget, Nicolas"]
[Result "0-1"]
[WhiteElo "2215"]
[BlackElo "2284"]
[PlyCount "42"]
[EventDate "2010.10.17"]
[EventType "team-match"]
[EventRounds "9"]
[EventCountry "FRA"]
[Source "FFE"]
[SourceDate "2010.10.29"]
[BlackTeamCountry "FRA"]

1. d4 d5 2. Bg5 f6 3. Bh4 c5 4. Nc3 Nc6 5. e3 e6 6. Nf3 Nh6 7. Bd3 a6 8. O-O c4
9. Be2 Nf5 10. Bg3 b5 11. e4 dxe4 12. Nxe4 Bb7 13. Re1 Be7 14. c3 O-O 15. Bf1
Nxg3 16. Nxg3 Qd7 17. Qe2 Nd8 18. Nf5 Re8 19. Nxe7+ Rxe7 20. Nh4 Nf7 21. Qg4
Rae8 {suite illisible} 0-1

[Event "FRA T I 120102011"]
[Site "FRA"]
[Date "2010.11.14"]
[Round "3.1"]
[White "Glavina Rossi, Pablo"]
[Black "Gharamian, Tigran"]
[Result "0-1"]
[WhiteElo "2460"]
[BlackElo "2658"]
[PlyCount "42"]
[EventDate "2010.10.17"]
[EventType "team-match"]
[EventRounds "9"]
[EventCountry "FRA"]
[Source "FFE"]
[SourceDate "2010.10.29"]
[BlackTeam "Cappelle-La-Grande"]

1. d4 Nf6 2. c4 e6 3. g3 d5 4. Bg2 dxc4 5. Nf3 Nc6 6. O-O Rb8 7. a4 a6 8. a5
Bb4 9. Qa4 O-O 10. Ne5 Qxd4 11. Bxc6 Bd6 12. Nxc4 bxc6 13. Rd1 Qc5 14. Nbd2 Rb4
15. Qc2 Ng4 16. Rf1 Bb7 17. Kg2 Qh5 18. h3 c5+ 19. Nf3 Ne5 20. Ncxe5 Qxe5 21.
Ra4 Rxa4 0-1

[Event "FRA T I 120102011"]
[Site "FRA"]
[Date "2010.11.14"]
[Round "3.4"]
[White "Decosse, Jean Fabien"]
[Black "Brochet, Philippe"]
[Result "0-1"]
[WhiteElo "2225"]
[BlackElo "274"]
[PlyCount "40"]
[EventDate "2010.10.17"]
[EventType "team-match"]
[EventRounds "9"]
[EventCountry "FRA"]
[Source "FFE"]
[SourceDate "2010.10.29"]

1. d4 d5 2. c4 dxc4 3. e3 e5 4. Nf3 exd4 5. Qxd4 Qxd4 6. Nxd4 a6 7. Bxc4 Nf6 8.
O-O c5 9. Nf3 b5 10. Be2 Nc6 11. a4 b4 12. Nbd2 Be7 13. Nc4 Bf5 14. b3 O-O 15.
Bb2 Rfd8 16. Rfc1 Bd3 17. Bf1 Ne4 18. Nfe5 Nxe5 19. Bxe5 Rd5 20. Rd1 Bxc4 0-1

[Event "FRA T I 120102011"]
[Site "FRA"]
[Date "2010.11.13"]
[Round "2.1"]
[White "Le Borgne, Pierre"]
[Black "Jablonski, Noham"]
[Result "0-1"]
[WhiteElo "2222"]
[BlackElo "2264"]
[PlyCount "40"]
[EventDate "2010.10.17"]
[EventType "team-match"]
[EventRounds "9"]
[EventCountry "FRA"]
[Source "FFE"]
[SourceDate "2010.10.29"]

1. e4 c5 2. Nf3 e6 3. d4 cxd4 4. Nxd4 a6 5. Bd3 Qc7 6. O-O Nf6 7. c3 d6 8. f4
Nbd7 9. Nd2 Be7 10. Bc2 b6 11. g4 Bb7 12. g5 Rc8 13. gxf6 gxf6 14. Qe2 Rg8+ 15.
Kh1 f5 16. N2f3 Nf6 17. exf5 e5 18. Nb3 Qc6 19. fxe5 dxe5 20. Qxe5 Qxf3+ 0-1

[Event "FRA T I 120102011"]
[Site "FRA"]
[Date "2010.11.14"]
[Round "3.5"]
[White "Jablonski, Noham"]
[Black "Vaugeois, Cyrille"]
[Result "1/2-1/2"]
[WhiteElo "2264"]
[BlackElo "2134"]
[PlyCount "38"]
[EventDate "2010.10.17"]
[EventType "team-match"]
[EventRounds "9"]
[EventCountry "FRA"]
[Source "FFE"]
[SourceDate "2010.10.29"]

1. e4 c5 2. Nf3 e6 3. d4 cxd4 4. Nxd4 Nf6 5. Nc3 Qb6 6. Nb3 Bb4 7. Bd3 d6 8.
Bd2 O-O 9. O-O Bxc3 10. Bxc3 e5 11. Nd2 Be6 12. a4 Nbd7 13. Qe2 Rac8 14. Kh1
Qc7 15. f4 exf4 16. Rxf4 Ne5 17. Raf1 Qe7 18. Bd4 Nfd7 19. c3 Ng6 1/2-1/2

[Event "FRA T I 120102011"]
[Site "FRA"]
[Date "2010.10.17"]
[Round "1.3"]
[White "Komarov, Dimitri"]
[Black "Carton, Camille"]
[Result "1/2-1/2"]
[WhiteElo "2525"]
[BlackElo "2216"]
[PlyCount "33"]
[EventDate "2010.10.17"]
[EventType "team-match"]
[EventRounds "9"]
[EventCountry "FRA"]
[Source "FFE"]
[SourceDate "2010.10.29"]

1. d4 d5 2. c4 c6 3. Nf3 e6 4. Qc2 Nf6 5. Bg5 h6 6. Bxf6 Qxf6 7. Nc3 Nd7 8. e4
dxe4 9. Qxe4 g6 10. h4 Bg7 11. h5 O-O 12. hxg6 fxg6 13. c5 e5 14. Bc4+ Kh8 15.
O-O-O exd4 16. Rxd4 Nxc5 17. Qe3 1/2-1/2

[Event "FRA T I 120102011"]
[Site "FRA"]
[Date "2010.12.11"]
[Round "4.3"]
[White "Crut, Aurelien"]
[Black "Delabaca, Romuald"]
[Result "1-0"]
[WhiteElo "220"]
[BlackElo "2232"]
[PlyCount "153"]
[EventDate "2010.10.17"]
[EventType "team-match"]
[EventRounds "9"]
[EventCountry "FRA"]
[Source "FFE"]
[SourceDate "2010.10.29"]

1. e4 c5 2. Nf3 d6 3. Bb5+ Nc6 4. Bxc6+ bxc6 5. O-O e5 6. c3 f5 7. exf5 Bxf5 8.
d4 cxd4 9. cxd4 e4 10. Qc2 Nf6 11. Bg5 Be7 12. Nh4 Bd7 13. Bxf6 Bxf6 14. Qxe4+
Qe7 15. Qxe7+ Kxe7 16. Nf3 Rab8 17. Re1+ Be6 18. Re2 Kd7 19. Nc3 Bc4 20. Rd2
Rhe8 21. Rad1 Kc7 22. b3 Bf7 23. h3 g5 24. Rd3 h5 25. g4 hxg4 26. hxg4 Bg6 27.
Re3 Rxe3 28. fxe3 Rf8 29. Kg2 Re8 30. Re1 d5 31. Kf2 Rh8 32. Rg1 Kd6 33. Rg2
Rh1 34. Rh2 Rxh2+ 35. Nxh2 a6 36. b4 Bd8 37. Nf3 Ke6 38. Ne5 Be8 39. Na4 a5 40.
Nc5+ Ke7 41. Nb7 axb4 42. Nxd8 Kxd8 43. Nd3 b3 44. axb3 Ke7 45. Ke2 Bd7 46. Ne5
Be8 47. Kd3 Kd6 48. Kc3 Kc7 49. Kb4 Kb6 50. Nf3 Bd7 51. Nxg5 Bxg4 52. Nf7 Bd7
53. Ne5 Bf5 54. Nf3 Bg4 55. Ne1 Bf5 56. Ng2 Bd3 57. Nf4 Bc2 58. Ne6 Bd1 59. Nc5
Bc2 60. Na4+ Kc7 61. Kc3 Bd1 62. Nb2 Bg4 63. Kb4 Kd6 64. Ka5 Be2 65. Kb6 Bh5
66. b4 Be2 67. Na4 Bb5 68. Nc5 Be2 69. Nb7+ Kd7 70. Kc5 Kc7 71. Nd6 Bf3 72. Nf5
Kd7 73. Ng3 Bg2 74. Ne2 Bf1 75. Nc3 Bc4 76. b5 cxb5 77. Nxd5 1-0